000 00285nam a2200121Ia 4500
008 190216s9999||||xx |||||||||||||| ||und||
100 _aAditya Awasthi
245 0 _aHindi- Daastan-E-Dilli
260 _bKalyanishiksha Parishad
_c2008
300 _a336
650 _aHindi
942 _cBK
999 _c16554
_d16554